| LDR | | 00000nam c2200205 c 4500 |
| 001 | | 000000199967 |
| 005 | | 20160324160100 |
| 007 | | ta |
| 008 | | 140307t20152005ggk 000af kor |
| 020 | |
▼a 9788936436902
▼g 03810 :
▼c \11000 |
| 040 | |
▼a 248032
▼c 248032
▼d 248032 |
| 049 | 0 |
▼l EM90873 |
| 056 | |
▼a 813.6
▼2 4 |
| 090 | |
▼a 813.6
▼b 김63다 |
| 245 | 20 |
▼a 달려라 아비 :
▼b 김애란 소설집 /
▼d 김애란 지음 |
| 250 | |
▼a 초판 |
| 260 | |
▼a 파주 :
▼b 창비,
▼c 2015,c2005 |
| 300 | |
▼a 268 p. ;
▼c 21 cm |
| 505 | 00 |
▼t 달려라, 아비 --
▼t 나는 편의점에 간다 --
▼t 스카이 콩콩 --
▼t 그녀가 잠 못 드는 이유가 있다 --
▼t 영원한 화자 --
▼t 사랑의 인사 --
▼t 누가 해변에서 함부로 불꽃놀이를 하는가 --
▼t 종이 물고기 --
▼t 노크하지 않는 집 |
| 653 | |
▼a 달려라
▼a 아비
▼a 단편
▼a 소설 |
| 700 | 1 |
▼a 김애란 |
| 740 | 2 |
▼a 달려라, 아비 |
| 740 | 2 |
▼a 나는 편의점에 간다 |
| 740 | 2 |
▼a 스카이 콩콩 |
| 740 | 2 |
▼a 그녀가 잠 못 드는 이유가 있다 |
| 740 | 2 |
▼a 영원한 화자 |
| 740 | 2 |
▼a 사랑의 인사 |
| 740 | 2 |
▼a 누가 해변에서 함부로 불꽃놀이를 하는가 |
| 740 | 2 |
▼a 종이 물고기 |
| 740 | 2 |
▼a 노크하지 않는 집 |
| 740 | 2 |
▼a 김애란 소설집 |
| 950 | 0 |
▼b \11000 |
| 990 | |
▼a 강동석
▼b 강동석 |